UBT Library

The diplomatic recognition of the border states ... (Record no. 43115)

000 -LEADER
fixed length control field 00700cam a22002411 4500
001 - CONTROL NUMBER
control field 8769863
005 - DATE AND TIME OF LATEST TRANSACTION
control field 20180222034411.0
008 - FIXED-LENGTH DATA ELEMENTS--GENERAL INFORMATION
fixed length control field 740924m19359999cauh b 000 0 eng
010 ## - LIBRARY OF CONGRESS CONTROL NUMBER
LC control number 36027836
035 ## - SYSTEM CONTROL NUMBER
System control number (OCoLC)1019579
040 ## - CATALOGING SOURCE
Original cataloging agency DLC
Transcribing agency OTU
Modifying agency OCoLC
-- DLC
041 ## - LANGUAGE CODE
Language code of text/sound track or separate title eng
043 ## - GEOGRAPHIC AREA CODE
Geographic area code e-fi---
-- e-er---
-- e-lv---
080 ## - UNIVERSAL DECIMAL CLASSIFICATION NUMBER
Universal Decimal Classification number 341 gra
082 ## - DEWEY DECIMAL CLASSIFICATION NUMBER
Classification number 341 gra
100 1# - Rafti
Rafti 42
101 ## - Shkurtesa
Shkurtesa geo
245 14 - TITLE STATEMENT
Title The diplomatic recognition of the border states ...
Statement of responsibility, etc by Malbone W. Graham.
504 ## - BIBLIOGRAPHY, ETC. NOTE
Bibliography, etc Bibliography: v. 1, p. 205-221.
906 ## - LOCAL DATA ELEMENT F, LDF (RLIN)
a 7
b cbc
c oclcrpl
d u
e ncip
f 19
g y-gencatlg
942 ## - ADDED ENTRY ELEMENTS (KOHA)
Source of classification or shelving scheme
Item type Books
Holdings
Withdrawn status Lost status Source of classification or shelving scheme Damaged status Not for loan Collection code Permanent location Current location Shelving location Date acquired Total Checkouts Full call number Barcode Date last seen Price effective from Koha item type
          Koleksioni i përgjithshem UBT - Lipjan UBT - Lipjan Koleksioni i përgjithshem 02/22/2018   341 gra 002-2999880 02/22/2018 02/22/2018 Books
UBT Library © 2015-2024. All rights reserved University Education for Business and Technology